01317pab a2200193 454500008004000000100002100040245005300061260000900114300001300123362001500136520075400151650002600905700001800931700002100949773003300970909001001003999001701013952009301030180718b2006 xxu||||| |||| 00| 0 eng d aCooper, Terry L. aCitizem-centered collaborative public management c2006 ap.76-88. aSupplement aCivic engagement and collaborative public management are concepts that are defined broadly, making theoretical explication challenging and practical application of empirical research difficult. In this article, the authors adopt definitions of civic engagement and collaborative public management that are centered on the citizen and the potential for active citizenship. Following a historical review of civic engagement in the United States, a conceptual model of five approaches to civic engagement is offered. Citizen-centered collaborative public management is enhanced through these approaches. The authors suggest the need for further empirical research on collaborative public management that is grounded in citizenship action. - Reproduced. aPublic administration aMeek, Jack W. aBryer, Thomas A. aPublic Administration Review a72433 c72433d72433 00104070aIIPAbIIPAd2018-07-19hVolume no: 66, pAR72893r2018-07-19w2018-07-19yAR